000
00206 a2200097 4500
001
58715
100
_a
245
_a
Gas Turbine Theory
260
_a
England
_b
British Library
_c
1996
090
_c
36037
_d
36037
942
_a
NUST-CAE
_c
_c
28933
999
_c
293788
_d
293788